Radar observes the weather.

Bibliographic Details
Main Author: Battan, Louis J.
Format: Book
Language:English
Published: Garden City, N.Y. : Anchor Books, [1962]
Edition:[1st ed.].
Series:Science study series, S24
Subjects:

MARC

Tag First Indicator Second Indicator Subfields
LEADER 00000cam a22000001 4500
001 in00000250521
005 20151010055704.0
008 730529s1962 nyua 00000 eng d
010 |a  62009505  
035 |a (OCoLC)00544094 
035 |9 ABD1328AM 
040 |a DLC  |c DLC  |d TXA  |d UtOrBLW 
049 |a TXAM  |c [950623] 
090 |a QC973.5  |b .B32 
100 1 |a Battan, Louis J. 
245 1 0 |a Radar observes the weather. 
250 |a [1st ed.]. 
264 1 |a Garden City, N.Y. :  |b Anchor Books,  |c [1962] 
300 |a 158 pages :  |b illustrations 
336 |a text  |b txt  |2 rdacontent 
337 |a unmediated  |b n  |2 rdamedia 
338 |a volume  |b nc  |2 rdacarrier 
490 0 |a Science study series, S24 
536 |a From the library of Dr. Takashi Ichiye, May 2004. 
650 0 |a Radar meteorology. 
999 |a MARS 
999 f f |s 91a39ffe-081d-3904-8012-2c6141fc8d6f  |i 647dffaf-9fa2-3c9f-af1f-f413c87eafd2  |t 0 
952 f f |p ric  |a Texas A&M University  |b Rellis Campus  |c Joint Library Facility  |s JLF  |d Remote Storage  |t 0  |e QC973.5 .B32  |h Library of Congress classification  |i unmediated -- volume  |m A14831986757 
998 f f |a QC973.5 .B32  |t 0  |l Remote Storage